000 00843nam a2200265Ia 4500
003 OSt
005 20220928124053.0
006 a|||||r|||| 00| 0
007 ta
008 220927b |||||||| |||| 00| 0 eng d
020 _c4206.0619999999999
024 _a101711
037 _b766, 13/11/2009, Ashutosh Technical Books
_cTextual
040 _aSDCL
_cSDCL
_beng
041 _2eng
_aeng
082 _aXM8:8, Q0
100 _aKolb Robert W Ed.
245 0 _aCorporate boards
_b Managers of risk, sources of risk.
260 _aWest Sussex
_bWiley - Blackwell
_c2010
300 _axv,379p
_ccm.
650 _aFinancial Studies
700 _a Schwartz Donald Ed.
_9463258
942 _hXM8:8, Q0
_cTEXL
_2CC
999 _c776194
_d776194